000 00607nam a2200205 a 4500
005 20140310183330.0
008 060825s19uu xx 00 eng d
020 _a0-07-1111705-9
050 _aHE 8464
_b.G878 2006
100 _aGross, Lynne Schafer
245 _aTelecommunications:
_bradio, television, and movies in the digital age./
_cLynne Schafer Gross.
250 _a9th ed.
260 _aBoston :
_bMcGraw-Hill,
_c2006.
300 _a458 p. :
_bill. col. ;
_c18 cm.
521 _aMC
650 _aTelecommunication.
700 _aFink, Edward John
942 _cBK
_2lcc
_kFOR
999 _c21533
_d21533